| 000 | 01607cam a2200289 4500500 | ||
|---|---|---|---|
| 005 | 20251228051612.0 | ||
| 041 | _afre | ||
| 042 | _adc | ||
| 100 | 1 | 0 |
_aHeenen-Wolff, Susann _eauthor |
| 700 | 1 | 0 |
_aPhilippot, Pierre _eauthor |
| 700 | 1 | 0 |
_aVan Broeck, Nady _eauthor |
| 245 | 0 | 0 | _aDialogue entre courants sur la notion d'« inconscient » |
| 260 | _c2007. | ||
| 500 | _a77 | ||
| 520 | _aRésuméDeux psychologues d’orientation cognitivo-comportementale et une psychanalyste discutent de leurs compréhensions respectives du concept de l’« inconscient ». Dans ce dialogue « entre courants » il est question des différences dans les approches, mais également des niveaux de théorisation où des convergences deviennent évidentes. | ||
| 520 | _aTwo behavioural and cognitive orientated psychologists and one psychoanalyst discuss about their different understandings of the concept of the “unconscious”. In this dialogue “between schools” the differences in the approaches will be stressed, but also the theoretical levels where we can see convergences. | ||
| 690 | _acompréhensions différentes | ||
| 690 | _adialogue interdisciplinaire | ||
| 690 | _ainconscients | ||
| 690 | _arapprochement possibles | ||
| 690 | _adifferent comprehensions | ||
| 690 | _ainterdisciplinary dialog | ||
| 690 | _apossible interferences | ||
| 690 | _aunconscious | ||
| 786 | 0 | _nCahiers de psychologie clinique | 29 | 2 | 2007-09-27 | p. 37-50 | 1370-074X | |
| 856 | 4 | 1 | _uhttps://shs.cairn.info/revue-cahiers-de-psychologie-clinique-2007-2-page-37?lang=fr&redirect-ssocas=7080 |
| 999 |
_c1581880 _d1581880 |
||